书目信息 |
| 题名: |
《中华人民共和国会计法》条文释义
|
|
| 作者: | 刘淑强 , 周劲松 编著 | |
| 分册: | ||
| 出版信息: | 北京 人民法院出版社 1999.11 |
|
| 页数: | 485页 | |
| 开本: | 32开 | |
| 丛书名: | ||
| 单 册: | ||
| 中图分类: | D922.265 | |
| 科图分类: | ||
| 主题词: | 法律--中国 | |
| 电子资源: | ||
| ISBN: | 7-80056-904-7 | |
| 000 | 00659nam0 2200205 45 | |
| 001 | 0010111738 | |
| 005 | 20001011170646.2 | |
| 010 | @a7-80056-904-7@d25.00元 | |
| 100 | @a20001011d1999 km y0chiy0120 ea | |
| 101 | 0 | @achi |
| 105 | @a z 000yy | |
| 200 | 1 | @a《中华人民共和国会计法》条文释义@A《Zhong Hua Ren Min Gong He Guo Kuai Ji Fa》Tiao WenShi Yi@f刘淑强,周劲松编著@FLiu Shu Qiang,Zhou Jin Song Bian Zhu |
| 210 | @a北京@c人民法院出版社@d1999.11 | |
| 215 | @a485页@d32开 | |
| 606 | 0 | @a法律@x中国 |
| 690 | @aD922.265@v3 | |
| 701 | 0 | @a刘淑强@4编著 |
| 701 | 0 | @a周劲松@4编著 |
| 801 | @aCN@bPftUser@c20001011 | |
| 905 | @b175981-982@dD922.265@eH321@f2 | |
| 《中华人民共和国会计法》条文释义/刘淑强,周劲松编著.-北京:人民法院出版社,1999.11 |
| 485页;32开 |
| ISBN 7-80056-904-7:25.00元 |
| ● |
| 相关链接 |
|
|
|
正题名:《中华人民共和国会计法》条文释义
索取号:D922.265/H321
 
预约/预借
| 序号 | 登录号 | 条形码 | 馆藏地/架位号 | 状态 | 备注 |
| 1 | 175981 | 201759819 | 社科库509/509社科库 86排8列4层/ [索取号:D922.265/H321] | 在馆 | |
| 2 | 175982 | 201759828 | 社科库509/509社科库 86排8列4层/ [索取号:D922.265/H321] | 在馆 |